01167 2200397 4500001002100000005001500021035002500036008004100061020002200102040001700124082001500141084001700156090002100173090002200194100003000216245012600246250001100372260004300383300004300426650003800469850001200507007000300519504003300522999002200555990002200577990001700599990001700616990001700633990001700650990001700667990001700684990001700701990001700718990001700735990001700752INLIS00000000001639320200522010237 a0010-011600000000484160121s2015 yoia g ind d a978-602-1107-35-5 aYOPDYOGbind04222a610.73 a610.73 Moh M aDEP 610.73 Moh M aCB-D.11 2015-10730 aMoh. Faisol Al Fadyd198900aMadu dan luka diabetik :bmetode perawatan luka komplementer dilengkapi dengan hasil riset /cpenulis, Moh Faisol Al Fady aCet. 13 aYogyakarta :bGosyen Publishing,c2015 axii, 118 halaman :bilustrasi ;c23 cm 4aPerawat dan perawatan--xDiabetes aYOPDYOGta aBibliografi: halaman 109-115 aCB-D.11/2015-1073 aCB-D.11/2015-1073 a5199-KS/B.16 a5200-KS/B.16 a5201-KS/B.16 a5202-KS/B.16 a5203-KS/B.16 a5204-KS/B.16 a5205-KS/B.16 a5206-KS/B.16 a5207-KS/B.16 a5208-KS/B.16